| 000 | 00783cam4a220025300 4500 | ||
|---|---|---|---|
| 001 | zam00002339 | ||
| 008 | 951128s1977 xx eng u | ||
| 035 | _a(Sirsi) r19718 | ||
| 035 | _a(MACHINE)SLC. | ||
| 100 |
_aKamerschew, D. R. _6A80699.1 |
||
| 245 | 1 | 0 | _aIntermediate microeconomic theory. |
| 260 | _c1977. | ||
| 949 |
_aHB175.5 _wlcc _i-17831 _mMAIN _tBOOK _lON-SHELF |
||
| 949 |
_aHB175.5 _wlcc _i-17832 _mMAIN _tBOOK _lON-SHELF |
||
| 949 |
_aHB175.5 _wlcc _i-17833 _mMAIN _tBOOK _lON-SHELF |
||
| 004 | 19718 | ||
| 591 | _aClass code: EC 410. | ||
| 591 | _aCourse: Economic development. | ||
| 591 | _aSchool: S05. | ||
| 591 | _aLecturer: Mr. MWANZA, A.M. | ||
| 591 | _aNumber of Students: 105. | ||
| 900 |
_2MAIN _8HB175.5 _9KAM _c3 |
||
| 909 | _aBook | ||
| 999 |
_c168287 _d168287 |
||